Statistiken für Städte Asiens A-Z Bilderquiz

Klicken Sie hier um das Quiz zu spielen!

Allgemein

  • Dieses Quiz wurde 78 mal gespielt
  • Das Durchschnittsergebnis liegt bei 13 aus 26

Antwortstatistiken

Antwort% Korrekt
Dubai
96%
Jerusalem
93%
Taipeh
85%
Osaka
83%
Pjöngjang
82%
Kyoto
68%
Wuhan
68%
Ulaanbataar
66%
Antalya
65%
Hongkong
65%
Vientiane
63%
Guangzhou
59%
Lahore
54%
Medina
52%
Xian
52%
Chennai
45%
Rangun
45%
Basra
38%
Isfahan
38%
Nowosibirsk
38%
Erbil
21%
Samarkand
21%
Faisalabad
15%
Quetta
11%
Zhengzhou
11%
Yazd
1%

Verteilung der Resultate

Perzentil nach korrekt beantworteten Fragen

Anzahl Personen mit jedem Resultat

Ihre Resultats-Entwicklung

Sie haben dieses Quiz noch nicht gespielt